| 000 | 00859cab a2200265 4500 | ||
|---|---|---|---|
| 001 | ABS55067 | ||
| 008 | 090401t1996 xxu||||| |||| 00| 0 eng d | ||
| 035 | _a(Sirsi) u13935 | ||
| 041 | _aeng | ||
| 100 | _aMiller, S. | ||
| 245 | _aMortgagees and the remedy of subrogation | ||
| 260 | _c1996 | ||
| 350 | _a0 | ||
| 490 |
_aSolicitors` Journal _v140(13) 5 April 1996, 326-327(2) |
||
| 520 | _aConsiders instances where the mortgagee can be subrogated, or replaced, by someone else with a right to possession, with reference to case law. | ||
| 650 | _aBOSCAWEN V BAJWA | ||
| 650 | _aBOWERS V BOWERS AND WOOLWICH EQUITABLE BUILDING SOCIETY | ||
| 650 | _aCASTLE PHILLIPS FINANCE V PIDDINGTON | ||
| 650 | _aLEGAL REMEDY | ||
| 650 | _aSUBROGATION | ||
| 690 | _aPROPERTY LAW AND PRACTICE | ||
| 700 | _aKlein, J. | ||
| 942 | _n0 | ||
| 948 | _c04/03/1997 | ||
| 999 |
_c9006 _d9006 |
||